000 00643nam a2200133 a 4500
008 220621s1998 ||||||||||||||||| || u
050 _aCBU(05)1998/5
245 0 0 _aCBU Courier. January 1998 No 5
_cBy Copperbelt University (CBU)
260 _aKitwe
_bCopperbelt University
_c1998
300 _a4 pages : illustrations
650 _aCOPPERBELT UNIVERSITY--PERIODICALS
995 _aSPECIAL COLLECTIONS
_e4806
_FCBU-MAIN LIBRARY (Kitwe)
_jCBU(05)1998/5A
_M1
_UAVAILABLE
_WJun 21, 2022
_yB4806
_ZUniversity Collection
995 _aSPECIAL COLLECTIONS
_e4915
_FCBU-MAIN LIBRARY (Kitwe)
_jCBU(05)1998/5B
_M2
_UAVAILABLE
_WJul 12, 2022
_yB4915
_ZUniversity Collection
999 _c79218
_d79218